000
00320nam a2200133Ia 4500
005
20260328104306.0
008
260328s9999||||xx |||||||||||||| ||und||
100
_a
Riewoldt, Otta
245
0
_a
Retail Design /
_c
Otta Riewoldt
260
_b
teNeues
300
_a
240 p.
650
_a
EDIFICIOS COMERCIALES
942
_c
BK
999
_c
10777
_d
10777